[Event "Oberliga Ost A 2016 2017"]
[Site "Germany"]
[Date "2016.10.16"]
[Round "1.1"]
[White "Schmidt Schaeffer, Sebastian"]
[Black "Cerveny, Martin"]
[Result "1/2-1/2"]
[WhiteElo "2383"]
[BlackElo "2384"]
[PlyCount "82"]
[EventDate "2016.10.16"]
[EventType "team-tourn"]
[EventCountry "GER"]
[WhiteTeam "Naumburger SV"]
[BlackTeam "Aue ESV Nickelhuette II"]
[WhiteTeamCountry "GER"]
[BlackTeamCountry "GER"]

1. f4 d5 2. Nf3 g6 3. e3 Bg7 4. Be2 c5 5. O-O Nc6 6. d4 Nf6 7. c3 O-O 8. Ne5
Qc7 9. Nd2 a5 10. a4 b6 11. Bb5 Nd8 12. Qf3 e6 13. b3 Ba6 14. Ba3 Bxb5 15. axb5
Nb7 16. Rfc1 a4 17. Qd1 axb3 18. Qxb3 Rfe8 19. h3 Bf8 20. c4 Na5 21. Qd3 Red8
22. Bb2 Qb7 23. cxd5 Qxd5 24. e4 Qb7 25. Ra4 Nd7 26. Ng4 h5 27. Ne3 cxd4 28.
Rxd4 Be7 29. f5 Ne5 30. Qf1 Bg5 31. Re1 Rxd4 32. Bxd4 Rd8 33. Bxe5 Rxd2 34.
fxe6 fxe6 35. Qf3 Qf7 36. Qxf7+ Kxf7 37. Bc7 Rb2 38. Bxb6 Rxb5 39. Ba7 Re5 40.
Nc2 Nc6 41. Bf2 Rb5 1/2-1/2

[Event "Oberliga Ost A 2016 2017"]
[Site "Germany"]
[Date "2016.10.16"]
[Round "1.2"]
[White "Wichmann, Cliff"]
[Black "Gering, Samuel"]
[Result "1-0"]
[WhiteElo "2314"]
[BlackElo "2079"]
[PlyCount "75"]
[EventDate "2016.10.16"]
[EventType "team-tourn"]
[EventCountry "GER"]
[WhiteTeam "Aue ESV Nickelhuette II"]
[BlackTeam "Naumburger SV"]
[WhiteTeamCountry "GER"]
[BlackTeamCountry "GER"]

1. d4 g6 2. c4 Bg7 3. Nc3 d6 4. Nf3 Nd7 5. g3 Ngf6 6. Bg2 O-O 7. O-O e5 8. Qc2
exd4 9. Nxd4 a5 10. Rd1 h6 11. h3 Nc5 12. b3 Bd7 13. Bb2 Re8 14. a3 Qc8 15. Kh2
Ne6 16. Nxe6 Bxe6 17. Rac1 Re7 18. Re1 c6 19. Na4 Qe8 20. Qd2 Rd8 21. Qxa5 d5
22. Rcd1 Ra8 23. Qd2 dxc4 24. Nb6 Ra6 25. Nxc4 Bxc4 26. bxc4 Ra8 27. Qc2 Ne4
28. Bxg7 Kxg7 29. Qb2+ Kg8 30. Bxe4 Rxe4 31. Qxb7 Re7 32. Qb2 Rea7 33. Rd3 Qe7
34. Qd2 Rxa3 35. Rxa3 Rxa3 36. Qxh6 Qc5 37. Qf4 Rc3 38. Rd1 1-0

[Event "Oberliga Ost A 2016 2017"]
[Site "Germany"]
[Date "2016.10.16"]
[Round "1.3"]
[White "Heinrich, Julius Tobias"]
[Black "Pulpan, Jakub"]
[Result "0-1"]
[WhiteElo "2055"]
[BlackElo "2337"]
[PlyCount "74"]
[EventDate "2016.10.16"]
[EventType "team-tourn"]
[EventCountry "GER"]
[WhiteTeam "Naumburger SV"]
[BlackTeam "Aue ESV Nickelhuette II"]
[WhiteTeamCountry "GER"]
[BlackTeamCountry "GER"]

1. e4 c5 2. c3 Nf6 3. e5 Nd5 4. d4 cxd4 5. cxd4 d6 6. Nf3 Nc6 7. exd6 Qxd6 8.
Nc3 Bg4 9. Be2 e6 10. Be3 Be7 11. O-O O-O 12. Nd2 Bxe2 13. Qxe2 Rac8 14. Nde4
Nxc3 15. bxc3 Qd5 16. Nc5 Na5 17. Rfc1 Nc4 18. Nd3 Qe4 19. Kf1 Bd6 20. h3 Rc7
21. Rab1 Rfc8 22. Bg5 Qf5 23. Bd2 Qa5 24. Be1 Qf5 25. Rb3 Na5 26. Rbb1 b5 27.
Ne5 Bxe5 28. Rxb5 Qf4 29. Bd2 Qh2 30. Qxe5 Qxe5 31. dxe5 Nc4 32. Bf4 h6 33. h4
Nb6 34. Be3 Nd5 35. Bd4 Rc4 36. Bxa7 Rxh4 37. Kg1 Nxc3 0-1

[Event "Oberliga Ost A 2016 2017"]
[Site "Germany"]
[Date "2016.10.16"]
[Round "1.4"]
[White "Jurasek, Miroslav"]
[Black "Fritsch, Andreas"]
[Result "1/2-1/2"]
[WhiteElo "2320"]
[BlackElo "2066"]
[PlyCount "60"]
[EventDate "2016.10.16"]
[EventType "team-tourn"]
[EventCountry "GER"]
[WhiteTeam "Aue ESV Nickelhuette II"]
[BlackTeam "Naumburger SV"]
[WhiteTeamCountry "GER"]
[BlackTeamCountry "GER"]

1. c4 Nc6 2. g3 d5 3. Bg2 d4 4. d3 e5 5. a3 Be7 6. b4 a5 7. b5 Nb8 8. Nf3 Nd7
9. O-O Ngf6 10. e3 dxe3 11. Bxe3 O-O 12. Nc3 Re8 13. Ra2 Bd6 14. Re1 Rb8 15.
Na4 b6 16. d4 exd4 17. Nxd4 Ne5 18. Nc6 Nxc6 19. Bxc6 Bd7 20. Bxd7 Nxd7 21. Bd4
Rxe1+ 22. Qxe1 Qf8 23. Nc3 Re8 24. Qd1 Re6 25. Nd5 Qe8 26. Kf1 Re4 27. Nc3 Re6
28. Nd5 Re4 29. Nc3 Re6 30. Nd5 Re4 1/2-1/2

[Event "Oberliga Ost A 2016 2017"]
[Site "Germany"]
[Date "2016.10.16"]
[Round "1.5"]
[White "Haertig, Jens"]
[Black "Heinz, Juergen"]
[Result "1/2-1/2"]
[WhiteElo "2137"]
[BlackElo "2220"]
[PlyCount "80"]
[EventDate "2016.10.16"]
[EventType "team-tourn"]
[EventCountry "GER"]
[WhiteTeam "Naumburger SV"]
[BlackTeam "Aue ESV Nickelhuette II"]
[WhiteTeamCountry "GER"]
[BlackTeamCountry "GER"]

1. c4 e5 2. Nc3 Nc6 3. g3 g6 4. Bg2 Bg7 5. e3 d6 6. Nge2 Nge7 7. O-O Be6 8. Nd5
O-O 9. d3 Qd7 10. Rb1 Rab8 11. b4 b5 12. Bd2 a6 13. a4 bxc4 14. dxc4 f5 15. Bc3
e4 16. Bxg7 Kxg7 17. Nef4 Bf7 18. b5 Ne5 19. Qd4 c5 20. bxc6 N7xc6 21. Qc3 g5
22. Ne2 Bxd5 23. cxd5 Ne7 24. f4 exf3 25. Bxf3 Rxb1 26. Rxb1 Rc8 27. Qa1 Rc4
28. Bg2 Rxa4 29. Qc3 Rc4 30. Qb2 Kg6 31. Nd4 Qc8 32. h3 g4 33. Rf1 h5 34. h4 a5
35. Qd2 Qc5 36. Qf2 Nd3 37. Qd2 Nb4 38. Qf2 Nd3 39. Qd2 Nb4 40. Qf2 Nd3 1/2-1/2

[Event "Oberliga Ost A 2016 2017"]
[Site "Germany"]
[Date "2016.10.16"]
[Round "1.6"]
[White "Floeter, Frank"]
[Black "Ruemmler, Roland"]
[Result "1/2-1/2"]
[WhiteElo "2124"]
[BlackElo "1952"]
[PlyCount "75"]
[EventDate "2016.10.16"]
[EventType "team-tourn"]
[EventCountry "GER"]
[WhiteTeam "Aue ESV Nickelhuette II"]
[BlackTeam "Naumburger SV"]
[WhiteTeamCountry "GER"]
[BlackTeamCountry "GER"]

1. d4 Nf6 2. c4 g6 3. Nc3 Bg7 4. Bg5 h6 5. Bh4 c5 6. d5 d6 7. e4 Na6 8. f4 Qa5
9. Qd2 O-O 10. Nf3 Re8 11. Be2 Bd7 12. O-O Nc7 13. e5 Nh7 14. Bd3 Rab8 15. a4
Na6 16. e6 fxe6 17. Bxg6 exd5 18. Qxd5+ Kh8 19. Bxe8 Rxe8 20. Qxb7 Nb8 21. Qe4
Nc6 22. Be1 Nd4 23. Nb5 Qb6 24. a5 Qb8 25. Nfxd4 cxd4 26. Nxd4 Qxb2 27. Bf2 Nf6
28. Qe2 Qb7 29. Rfb1 Qc8 30. Nf3 a6 31. Bd4 Bg4 32. Ra3 e5 33. fxe5 dxe5 34.
Bb6 e4 35. Qf2 exf3 36. gxf3 Bf5 37. Rc1 Rg8 38. Bd4 1/2-1/2

[Event "Oberliga Ost A 2016 2017"]
[Site "Germany"]
[Date "2016.10.16"]
[Round "1.7"]
[White "Wendling, Florian"]
[Black "Heinz, Thomas"]
[Result "0-1"]
[WhiteElo "1994"]
[BlackElo "2144"]
[PlyCount "62"]
[EventDate "2016.10.16"]
[EventType "team-tourn"]
[EventCountry "GER"]
[WhiteTeam "Naumburger SV"]
[BlackTeam "Aue ESV Nickelhuette II"]
[WhiteTeamCountry "GER"]
[BlackTeamCountry "GER"]

1. e4 e5 2. Nf3 Nc6 3. Bc4 Bc5 4. c3 Qe7 5. b4 Bb6 6. O-O Nf6 7. d3 h6 8. a4 a6
9. Nbd2 d6 10. Bb3 O-O 11. Nc4 Ba7 12. Ne3 Be6 13. Nd5 Bxd5 14. exd5 Nb8 15.
Re1 Nbd7 16. d4 Rfe8 17. Ra2 Qf8 18. Rae2 exd4 19. Nxd4 Rxe2 20. Rxe2 Re8 21.
Re3 Ne5 22. h3 Ng6 23. Kh2 Re5 24. Qf3 Qe8 25. Rd3 Re1 26. Bf4 Ne5 27. Bxe5
dxe5 28. Nf5 e4 29. Qg3 Nh5 30. Qg4 exd3 31. Qxh5 Qe5+ 0-1

[Event "Oberliga Ost A 2016 2017"]
[Site "Germany"]
[Date "2016.10.16"]
[Round "1.8"]
[White "Poessel, Christian"]
[Black "Muekke, Jens Frieder"]
[Result "1-0"]
[WhiteElo "2004"]
[BlackElo "1969"]
[PlyCount "157"]
[EventDate "2016.10.16"]
[EventType "team-tourn"]
[EventCountry "GER"]
[WhiteTeam "Aue ESV Nickelhuette II"]
[BlackTeam "Naumburger SV"]
[WhiteTeamCountry "GER"]
[BlackTeamCountry "GER"]

1. e4 e6 2. d4 d5 3. Nc3 Bb4 4. e5 c5 5. a3 Bxc3+ 6. bxc3 Ne7 7. Bd3 Qa5 8. Bd2
c4 9. Bf1 Bd7 10. g3 Ba4 11. Bh3 Nbc6 12. Ne2 O-O-O 13. Nf4 Kb8 14. Nh5 g6 15.
Nf6 h5 16. O-O Ng8 17. Nxg8 Rdxg8 18. f4 Qd8 19. Rf2 Re8 20. Bg2 h4 21. g4 h3
22. Bf1 f6 23. Rf3 Rh4 24. Rxh3 Rxh3 25. Bxh3 fxe5 26. fxe5 Qh4 27. Bg2 Rh8 28.
Bf4 g5 29. Bg3 Qh7 30. Ra2 Ne7 31. Qd2 Qh6 32. Ra1 Qg6 33. Rf1 Ng8 34. Qf2 Qg7
35. Qf8+ Qxf8 36. Rxf8+ Kc7 37. Be1 Kd7 38. Bd2 Ke7 39. Rb8 Bc6 40. Bxg5+ Kf7
41. Rc8 Be8 42. Rc7+ Kg6 43. Bf4 Bc6 44. Kf2 Rh7 45. Rxh7 Kxh7 46. Bg5 Ba4 47.
h4 Bxc2 48. Bd8 Nh6 49. Kg3 b5 50. Kf4 Nf7 51. Ba5 Nh6 52. Bh3 Kg7 53. h5 Bd3
54. Bb4 Nf7 55. Ba5 Kh6 56. Bg2 Ng5 57. Bb4 Ne4 58. Bxe4 Bxe4 59. Bf8+ Kh7 60.
Kg5 Bf3 61. Bb4 Kg7 62. Kh4 Be4 63. g5 Kf7 64. g6+ Bxg6 65. hxg6+ Kxg6 66. Kg4
Kh6 67. Ba5 Kg6 68. Kf4 Kh5 69. Bd8 Kh6 70. Ke3 Kg6 71. Kd2 Kf5 72. Kc2 Ke4 73.
Ba5 Kf5 74. Kb2 Kg6 75. a4 bxa4 76. Ka3 Kf7 77. Kxa4 Ke8 78. Kb5 Kd7 79. Kc5
1-0

[Event "Oberliga Ost A 2016 2017"]
[Site "Germany"]
[Date "2016.10.16"]
[Round "1.1"]
[White "Zwahr, Paul"]
[Black "Mueller, Richard"]
[Result "1-0"]
[WhiteElo "2318"]
[BlackElo "2170"]
[PlyCount "79"]
[EventDate "2016.10.16"]
[EventType "team-tourn"]
[EventCountry "GER"]
[WhiteTeam "Dresden SG Gruen Weiss"]
[BlackTeam "Coswig TuS"]
[WhiteTeamCountry "GER"]
[BlackTeamCountry "GER"]

1. e4 c5 2. Nf3 e6 3. d4 cxd4 4. Nxd4 Nc6 5. Nc3 Qc7 6. Be3 a6 7. Qd2 Nf6 8.
O-O-O Bb4 9. f3 Ne5 10. Nb3 b5 11. Kb1 Be7 12. Qf2 Rb8 13. g4 Nc4 14. Bc1 O-O
15. g5 Ne8 16. f4 a5 17. f5 Ba6 18. Bxc4 bxc4 19. Nd4 a4 20. Ka1 a3 21. bxa3
Qa5 22. Qe1 Nc7 23. Nd5 Qc5 24. Nxe7+ Qxe7 25. Qa5 Rb7 26. f6 Qe8 27. fxg7 Kxg7
28. Bf4 Qc8 29. Bd6 Kg8 30. Rb1 Ne8 31. Bxf8 Kxf8 32. Rb4 Rc7 33. Qe5 Kg8 34.
Rhb1 d6 35. Qg3 Qd7 36. h4 Rc5 37. h5 Ng7 38. Rb6 Qa4 39. Qxd6 Qxa3 40. Rb8+
1-0

[Event "Oberliga Ost A 2016 2017"]
[Site "Germany"]
[Date "2016.10.16"]
[Round "1.2"]
[White "Pietsch, Michael"]
[Black "Siedentopf, Daniel"]
[Result "1/2-1/2"]
[WhiteElo "2146"]
[BlackElo "2292"]
[PlyCount "141"]
[EventDate "2016.10.16"]
[EventType "team-tourn"]
[EventCountry "GER"]
[WhiteTeam "Coswig TuS"]
[BlackTeam "Dresden SG Gruen Weiss"]
[WhiteTeamCountry "GER"]
[BlackTeamCountry "GER"]

1. d4 f5 2. g3 Nf6 3. Bg2 g6 4. Nf3 Bg7 5. O-O O-O 6. b3 d6 7. Bb2 Qe8 8. c4
Ne4 9. Nbd2 Nxd2 10. Qxd2 Nc6 11. d5 Bxb2 12. Qxb2 Nd8 13. e4 e5 14. dxe6 fxe4
15. Ng5 Nxe6 16. Nxe4 Qf7 17. Rae1 Qg7 18. Qxg7+ Kxg7 19. Nc3 a6 20. Bxb7 Bxb7
21. Rxe6 Rfe8 22. Rfe1 Rxe6 23. Rxe6 Kf7 24. Re3 Rb8 25. f4 Kf6 26. Kf2 Bc6 27.
Rd3 a5 28. Nd5+ Bxd5 29. Rxd5 a4 30. Rd3 axb3 31. axb3 Ra8 32. g4 Ra2+ 33. Kg3
Rb2 34. h3 Rb1 35. Rf3 Ke6 36. Re3+ Kf6 37. Kf3 c6 38. Ke4 Ke6 39. f5+ gxf5+
40. Kf4+ Kf6 41. g5+ Kf7 42. Kxf5 Rf1+ 43. Kg4 Rd1 44. Kh5 d5 45. cxd5 cxd5 46.
Rc3 d4 47. Rc7+ Kg8 48. h4 d3 49. Rd7 d2 50. Rd3 Rb1 51. Rxd2 Rxb3 52. Rd8+ Kg7
53. Rd7+ Kg8 54. Rd4 Kg7 55. Kg4 Rb1 56. h5 Rg1+ 57. Kf5 Rf1+ 58. Rf4 Rxf4+ 59.
Kxf4 Kf8 60. Ke5 Kf7 61. Kd6 Kf8 62. Ke6 Kg7 63. Ke7 Kg8 64. Kf6 Kf8 65. g6 Kg8
66. Kg5 hxg6 67. hxg6 Kg7 68. Kf5 Kg8 69. Kf6 Kf8 70. g7+ Kg8 71. Kg6 1/2-1/2

[Event "Oberliga Ost A 2016 2017"]
[Site "Germany"]
[Date "2016.10.16"]
[Round "1.3"]
[White "Rudolf, Sebastian"]
[Black "Escher, Thomas"]
[Result "1/2-1/2"]
[WhiteElo "2270"]
[BlackElo "2181"]
[PlyCount "85"]
[EventDate "2016.10.16"]
[EventType "team-tourn"]
[EventCountry "GER"]
[WhiteTeam "Dresden SG Gruen Weiss"]
[BlackTeam "Coswig TuS"]
[WhiteTeamCountry "GER"]
[BlackTeamCountry "GER"]

1. e4 e5 2. Nf3 Nf6 3. Nxe5 d6 4. Nf3 Nxe4 5. Nc3 Nxc3 6. dxc3 Be7 7. Bf4 O-O
8. Qd2 Nd7 9. O-O-O Nc5 10. Nd4 Re8 11. f3 Ne6 12. Be3 Bg5 13. Bxg5 Qxg5 14.
Qxg5 Nxg5 15. Bb5 c6 16. Bd3 d5 17. c4 Ne6 18. Rhe1 Rd8 19. Nb3 dxc4 20. Bxc4
Rxd1+ 21. Rxd1 b6 22. Bxe6 Bxe6 23. Nd4 Bd7 24. Nb5 cxb5 25. Rxd7 Kf8 26. Rb7
Ke8 27. c3 h5 28. h4 b4 29. cxb4 Rc8+ 30. Kd2 Rc4 31. a3 Rxh4 32. Ke3 Rc4 33.
Kd3 Rc1 34. Rxa7 Rg1 35. g4 h4 36. a4 Rd1+ 37. Ke3 Rb1 38. a5 bxa5 39. bxa5
Rxb2 40. a6 Ra2 41. Ra8+ Ke7 42. a7 Kf6 43. Rh8 1/2-1/2

[Event "Oberliga Ost A 2016 2017"]
[Site "Germany"]
[Date "2016.10.16"]
[Round "1.4"]
[White "Klawa, Patrick"]
[Black "Gehmlich, Marcel"]
[Result "0-1"]
[WhiteElo "2187"]
[BlackElo "2194"]
[PlyCount "116"]
[EventDate "2016.10.16"]
[EventType "team-tourn"]
[EventCountry "GER"]
[WhiteTeam "Coswig TuS"]
[BlackTeam "Dresden SG Gruen Weiss"]
[WhiteTeamCountry "GER"]
[BlackTeamCountry "GER"]

1. e4 c5 2. Nf3 e6 3. d3 Nc6 4. g3 d5 5. Nbd2 Nf6 6. Bg2 Be7 7. O-O O-O 8. e5
Nd7 9. Re1 b5 10. a3 a5 11. h4 b4 12. Nf1 bxa3 13. bxa3 f6 14. Ne3 Ndxe5 15. c4
Nxf3+ 16. Bxf3 Nd4 17. Bg2 Rb8 18. cxd5 e5 19. Nc4 Bb7 20. Rb1 Qd7 21. Nb6 Qd6
22. Bd2 Ba6 23. Nc4 Bxc4 24. dxc4 Rxb1 25. Qxb1 Rb8 26. Qe4 a4 27. Bc1 Qa6 28.
f4 Bd6 29. fxe5 Bxe5 30. Bf4 Re8 31. Qd3 Qd6 32. h5 Re7 33. Re4 Bxf4 34. gxf4
Rxe4 35. Qxe4 Kf7 36. Kf2 g6 37. hxg6+ hxg6 38. Bf1 Qb6 39. Ke1 f5 40. Qd3 Qb2
41. Be2 Qc1+ 42. Bd1 Qxf4 43. Bxa4 Nf3+ 44. Kd1 Ne5 45. Qe2 Qd4+ 46. Ke1 f4 47.
Bc2 f3 48. Qe4 Qg1+ 49. Kd2 Qh2+ 50. Ke1 Qg1+ 51. Kd2 f2 52. Bd3 Qe1+ 53. Qxe1
fxe1=Q+ 54. Kxe1 Nxd3+ 55. Kd2 Ne5 56. Kc3 Ke7 57. a4 Kd6 58. a5 Kc7 0-1

[Event "Oberliga Ost A 2016 2017"]
[Site "Germany"]
[Date "2016.10.16"]
[Round "1.5"]
[White "Nake, Matthias"]
[Black "Hofmann, Rares"]
[Result "0-1"]
[WhiteElo "2217"]
[BlackElo "2081"]
[PlyCount "58"]
[EventDate "2016.10.16"]
[EventType "team-tourn"]
[EventCountry "GER"]
[WhiteTeam "Dresden SG Gruen Weiss"]
[BlackTeam "Coswig TuS"]
[WhiteTeamCountry "GER"]
[BlackTeamCountry "GER"]

1. e4 e5 2. Nf3 Nc6 3. Bc4 Nf6 4. d3 Be7 5. O-O O-O 6. Nc3 d6 7. h3 Be6 8. Bb3
Qd7 9. Ng5 Bxb3 10. axb3 h6 11. Nf3 d5 12. exd5 Nxd5 13. Re1 Bb4 14. Bd2 Rae8
15. Nxd5 Qxd5 16. Bxb4 Nxb4 17. Rxa7 Na6 18. d4 Qc6 19. Nxe5 Qb6 20. Rxa6 Qxa6
21. Nd7 Rxe1+ 22. Qxe1 Ra8 23. Qe4 Qd6 24. Ne5 Ra1+ 25. Kh2 f6 26. f4 fxe5 27.
fxe5 Qc6 28. d5 Qc5 29. Qf5 Qxd5 0-1

[Event "Oberliga Ost A 2016 2017"]
[Site "Germany"]
[Date "2016.10.16"]
[Round "1.6"]
[White "Poenisch, Eckehard"]
[Black "Hutsch, Oliver"]
[Result "0-1"]
[WhiteElo "2166"]
[BlackElo "2119"]
[PlyCount "96"]
[EventDate "2016.10.16"]
[EventType "team-tourn"]
[EventCountry "GER"]
[WhiteTeam "Coswig TuS"]
[BlackTeam "Dresden SG Gruen Weiss"]
[WhiteTeamCountry "GER"]
[BlackTeamCountry "GER"]

1. b4 d5 2. Bb2 Nf6 3. e3 e6 4. b5 a6 5. a4 c6 6. bxc6 bxc6 7. Nf3 Be7 8. c4
Nbd7 9. Be2 Rb8 10. Ra2 O-O 11. O-O c5 12. Nc3 dxc4 13. Bxc4 Nb6 14. Be2 Nbd5
15. Ne5 Qc7 16. Nc4 Nb4 17. Ra1 Rd8 18. Na2 Nc6 19. f4 Nd5 20. Qc2 Nb6 21. Rac1
Qd7 22. Ne5 Qe8 23. Ba1 f6 24. Nc4 Qg6 25. Qxg6 hxg6 26. Nxb6 Rxb6 27. Bc3 a5
28. Rb1 Nb4 29. Nc1 Bd7 30. Bd1 Bc6 31. Kf2 Rdb8 32. Kg3 Be4 33. Rb2 Bd6 34.
Bf3 Bd5 35. Ne2 Bc4 36. Rfb1 Kf7 37. d4 Bd3 38. Rd1 c4 39. Nc1 Bc2 40. Rd2 Bxa4
41. d5 e5 42. Be2 exf4+ 43. exf4 g5 44. Bxc4 Bxf4+ 45. Kf3 Rc8 46. d6+ Rxc4 47.
Bxb4 Bxd2 48. Rxd2 Rbxb4 0-1

[Event "Oberliga Ost A 2016 2017"]
[Site "Germany"]
[Date "2016.10.16"]
[Round "1.7"]
[White "Wappler, Markus"]
[Black "Poenisch, Johannes"]
[Result "1-0"]
[WhiteElo "2213"]
[BlackElo "1988"]
[PlyCount "65"]
[EventDate "2016.10.16"]
[EventType "team-tourn"]
[EventCountry "GER"]
[WhiteTeam "Dresden SG Gruen Weiss"]
[BlackTeam "Coswig TuS"]
[WhiteTeamCountry "GER"]
[BlackTeamCountry "GER"]

1. Nf3 c5 2. g3 d5 3. Bg2 Nc6 4. O-O Nf6 5. d3 e6 6. Nbd2 b5 7. e4 d4 8. a4 b4
9. Nc4 Be7 10. Nfe5 Nxe5 11. Nxe5 Qc7 12. Bf4 Bd6 13. Nxf7 Bxf4 14. Nxh8 Bh6
15. e5 Nd5 16. Qh5+ Kf8 17. Be4 Bb7 18. Bxh7 Bc6 19. Ng6+ Ke8 20. Nf4+ Ke7 21.
Nxd5+ Bxd5 22. Be4 Bxe4 23. Qh4+ Kd7 24. Qxe4 Rf8 25. f4 Kd8 26. g4 g6 27. g5
Bg7 28. Qxg6 Re8 29. a5 a6 30. Qe4 Kd7 31. Kg2 Rh8 32. h4 Kc8 33. h5 1-0

[Event "Oberliga Ost A 2016 2017"]
[Site "Germany"]
[Date "2016.10.16"]
[Round "1.8"]
[White "Piotraschke, Jens"]
[Black "Kunze, Christopher"]
[Result "1/2-1/2"]
[WhiteElo "2142"]
[BlackElo "2085"]
[PlyCount "128"]
[EventDate "2016.10.16"]
[EventType "team-tourn"]
[EventCountry "GER"]
[WhiteTeam "Coswig TuS"]
[BlackTeam "Dresden SG Gruen Weiss"]
[WhiteTeamCountry "GER"]
[BlackTeamCountry "GER"]

1. d4 Nf6 2. c4 g6 3. g3 Bg7 4. Bg2 O-O 5. Nf3 d6 6. O-O c6 7. Nc3 Nbd7 8. e4
Qc7 9. h3 e5 10. Re1 a6 11. Be3 h6 12. Rc1 Re8 13. d5 Kh7 14. Qc2 Rb8 15. Ba7
Ra8 16. Be3 Rb8 17. Nh2 c5 18. a4 Nh5 19. Nf1 Nf8 20. Kh2 Bd7 21. Qe2 Re7 22.
Nd2 Qa5 23. Rf1 Kg8 24. Bf3 Nf6 25. Qd3 N8h7 26. Bg2 Nh5 27. Rg1 Qb4 28. b3
Rbe8 29. Na2 Qa5 30. b4 cxb4 31. c5 Bxa4 32. cxd6 Rd7 33. Nc4 Bb5 34. Nxa5 Bxd3
35. Nxb4 Bb5 36. Bf1 N5f6 37. Bxb5 axb5 38. Rc7 b6 39. Bxb6 Rxd6 40. Bc5 Rd7
41. Rxd7 Nxd7 42. Be3 Nhf6 43. f3 Ra8 44. Nbc6 Ne8 45. Na7 f5 46. exf5 gxf5 47.
N5c6 Nd6 48. Rb1 e4 49. fxe4 fxe4 50. Bf4 Nc4 51. Kg2 Na3 52. Re1 Nf6 53. d6
Bf8 54. Be5 Nd7 55. Rxe4 Nxe5 56. Rxe5 Bxd6 57. Rd5 Bf8 58. Nxb5 Nxb5 59. Rxb5
Kg7 60. Nd4 Ra6 61. Rb3 Kg6 62. h4 Bg7 63. Ne2 Be5 64. Kh3 Ra2 1/2-1/2

[Event "Oberliga Ost A 2016 2017"]
[Site "Germany"]
[Date "2016.10.16"]
[Round "1.1"]
[White "Wegener, Dirk"]
[Black "Lechtynsky, Jiri"]
[Result "1/2-1/2"]
[WhiteElo "2349"]
[BlackElo "2354"]
[PlyCount "62"]
[EventDate "2016.10.16"]
[EventType "team-tourn"]
[EventCountry "GER"]
[WhiteTeam "Dresden USV TU II"]
[BlackTeam "Hoyerswerda FVS ASP"]
[WhiteTeamCountry "GER"]
[BlackTeamCountry "GER"]

1. e4 c6 2. d4 d5 3. Nd2 dxe4 4. Nxe4 Nf6 5. Nxf6+ exf6 6. Bd3 Qxd4 7. Nf3 Qd5
8. O-O Be6 9. c4 Qd7 10. Be3 Na6 11. Nd4 Bg4 12. f3 Be6 13. Nxe6 fxe6 14. Qe2
Bc5 15. Rad1 Bxe3+ 16. Qxe3 Qe7 17. Rfe1 Kf7 18. Bf5 Nc7 19. Rd4 Rad8 20. Rxd8
Rxd8 21. Kf1 a6 22. Be4 e5 23. Qa7 Ne6 24. Qe3 Qb4 25. b3 Qd2 26. Qxd2 Rxd2 27.
Re2 Rd1+ 28. Re1 Rd8 29. Bb1 Rd2 30. Re2 Rd1+ 31. Re1 Rd2 1/2-1/2

[Event "Oberliga Ost A 2016 2017"]
[Site "Germany"]
[Date "2016.10.16"]
[Round "1.2"]
[White "Jahnel, Guenther"]
[Black "Gungl, Theo"]
[Result "1/2-1/2"]
[WhiteElo "2270"]
[BlackElo "2326"]
[PlyCount "55"]
[EventDate "2016.10.16"]
[EventType "team-tourn"]
[EventCountry "GER"]
[WhiteTeam "Hoyerswerda FVS ASP"]
[BlackTeam "Dresden USV TU II"]
[WhiteTeamCountry "GER"]
[BlackTeamCountry "GER"]

1. d4 d5 2. c4 c6 3. Nf3 Nf6 4. Nc3 e6 5. Bg5 dxc4 6. e4 b5 7. e5 h6 8. Bh4 g5
9. Nxg5 hxg5 10. Bxg5 Be7 11. exf6 Bxf6 12. Bxf6 Qxf6 13. g3 Na6 14. Bg2 Bb7
15. a4 O-O-O 16. axb5 cxb5 17. Bxb7+ Kxb7 18. Nxb5 Qf5 19. Qa4 Qe4+ 20. Kd2 Qc6
21. b3 Qb6 22. Qxc4 Rd5 23. Rxa6 Qxa6 24. Qc7+ Ka8 25. Ra1 Qxa1 26. Qc6+ Kb8
27. Qc7+ Ka8 28. Qc6+ 1/2-1/2

[Event "Oberliga Ost A 2016 2017"]
[Site "Germany"]
[Date "2016.10.16"]
[Round "1.3"]
[White "Kukel, Imre"]
[Black "Hovsepyan, Vardan"]
[Result "1/2-1/2"]
[WhiteElo "2251"]
[BlackElo "2162"]
[PlyCount "72"]
[EventDate "2016.10.16"]
[EventType "team-tourn"]
[EventCountry "GER"]
[WhiteTeam "Dresden USV TU II"]
[BlackTeam "Hoyerswerda FVS ASP"]
[WhiteTeamCountry "GER"]
[BlackTeamCountry "GER"]

1. e4 e5 2. f4 d5 3. exd5 exf4 4. Nf3 Nf6 5. Be2 Nxd5 6. c4 Nf6 7. Nc3 Bd6 8.
d4 c6 9. c5 Bc7 10. Bc4 O-O 11. O-O Nd5 12. Bxd5 cxd5 13. Qb3 Nc6 14. Qxd5 Be6
15. Qe4 Bc4 16. d5 Bxf1 17. Kxf1 Re8 18. Qa4 Ne5 19. d6 Nxf3 20. gxf3 Bxd6 21.
cxd6 Qxd6 22. Bxf4 Qb6 23. Qb5 Qe6 24. Kg2 b6 25. Rg1 Rac8 26. Kh1 Rc5 27. Qd3
g6 28. Ne4 Rf5 29. Bd2 Re5 30. Bc3 f5 31. Ng5 Qd5 32. Qa6 h6 33. Bxe5 hxg5 34.
Bc3 Qxf3+ 35. Rg2 Qd1+ 36. Rg1 Qf3+ 1/2-1/2

[Event "Oberliga Ost A 2016 2017"]
[Site "Germany"]
[Date "2016.10.16"]
[Round "1.4"]
[White "Kesik, Klaus Dieter"]
[Black "Salzmann, Peter"]
[Result "0-1"]
[WhiteElo "2220"]
[BlackElo "2136"]
[PlyCount "130"]
[EventDate "2016.10.16"]
[EventType "team-tourn"]
[EventCountry "GER"]
[WhiteTeam "Hoyerswerda FVS ASP"]
[BlackTeam "Dresden USV TU II"]
[WhiteTeamCountry "GER"]
[BlackTeamCountry "GER"]

1. d4 g6 2. e4 Bg7 3. Nc3 d6 4. f4 c6 5. Be2 Qb6 6. Nf3 Bg4 7. e5 Nd7 8. a4
dxe5 9. a5 Qc7 10. fxe5 O-O-O 11. Ng5 Bxe2 12. Qxe2 Nh6 13. e6 Nf8 14. a6 fxe6
15. axb7+ Qxb7 16. O-O Bxd4+ 17. Kh1 e5 18. Nf3 Nf5 19. Nxe5 Bxe5 20. Qxe5 Nd7
21. Qe6 Nd4 22. Qg4 Nxc2 23. Ra4 Rhf8 24. Rg1 e5 25. Bg5 Rde8 26. Ne4 Qc7 27.
h3 h5 28. Qe2 Nd4 29. Qa6+ Kb8 30. Rga1 Nb5 31. Rc4 Nb6 32. Rcc1 Rf5 33. Qa2
Nd5 34. Nc5 Ka8 35. h4 e4 36. Qc4 e3 37. Nd3 e2 38. Bd2 Nb6 39. Qb4 Ref8 40.
Rg1 Rd8 41. Qe4 Rd4 42. Qe8+ Kb7 43. Bf4 Rdxf4 44. Nxf4 Qxf4 45. Qe7+ Nc7 46.
Rge1 Nbd5 47. Qxe2 Qxh4+ 48. Kg1 Qd4+ 49. Kh2 Rf4 50. Ra3 Rh4+ 51. Rh3 Rxh3+
52. gxh3 Qf4+ 53. Kh1 Qg3 54. Ra1 Qxh3+ 55. Kg1 Qg3+ 56. Qg2 Qxg2+ 57. Kxg2
Nf4+ 58. Kf3 Ncd5 59. Ra3 g5 60. Ke4 g4 61. Kf5 Kb6 62. Kg5 a5 63. Kf5 Kb5 64.
Kg5 Kb4 65. Ra1 g3 0-1

[Event "Oberliga Ost A 2016 2017"]
[Site "Germany"]
[Date "2016.10.16"]
[Round "1.5"]
[White "Ledfuss, Guntram"]
[Black "Graf, Roland"]
[Result "1/2-1/2"]
[WhiteElo "2064"]
[BlackElo "2140"]
[PlyCount "28"]
[EventDate "2016.10.16"]
[EventType "team-tourn"]
[EventCountry "GER"]
[WhiteTeam "Dresden USV TU II"]
[BlackTeam "Hoyerswerda FVS ASP"]
[WhiteTeamCountry "GER"]
[BlackTeamCountry "GER"]

1. d4 Nf6 2. Bg5 e6 3. c4 h6 4. Bh4 c5 5. Nf3 Be7 6. Nc3 d6 7. e3 O-O 8. Be2
Nbd7 9. O-O b6 10. Qc2 Bb7 11. Rfd1 Rc8 12. b3 d5 13. dxc5 Nxc5 14. Rac1 Nce4
1/2-1/2